<The> great reversals <the> politics of financial development in the 20th century
Salvato in:
| Autore principale: | |
|---|---|
| Altri autori: | |
| Natura: | Libro |
| Lingua: | inglese |
| Pubblicazione: |
Paris
OECD-Economics Department
2000
|
| Serie: | Working papers
no. 265 |
| Soggetti: | |
| Tags: |
Nessun Tag, puoi essere il primo ad aggiungerne!!
|
MARC
| LEADER | 00000nam a2200000 4500 | ||
|---|---|---|---|
| 001 | c124067 | ||
| 005 | 20221221084344.3 | ||
| 041 | 0 | |a eng | |
| 044 | |a FR | ||
| 245 | 1 | 0 | |a <The> great reversals |b <the> politics of financial development in the 20th century |c by Raghuram G. Rajan and Luigi Zingales |
| 264 | 1 | |a Paris |b OECD-Economics Department |c 2000 | |
| 300 | |a 52 s. | ||
| 490 | 1 | |a Working papers |v no. 265 | |
| 830 | 0 | |a Working papers |v no. 265 | |
| 610 | 2 | 0 | |a financie |
| 610 | 2 | 0 | |a politika finančná |
| 610 | 2 | 0 | |a krajiny rozvojové |
| 610 | 2 | 0 | |a teórie politické |
| 610 | 2 | 0 | |a ekonómia politická |
| 610 | 2 | 0 | |a regresia |
| 610 | 2 | 0 | |a konkurencia |
| 610 | 2 | 0 | |a poistenie |
| 610 | 2 | 0 | |a trh finančný |
| 610 | 2 | 0 | |a vojny |
| 610 | 2 | 0 | |a kapitál |
| 610 | 2 | 0 | |a OECD |
| 100 | 1 | |a Rajan, Raghuram G. | |
| 700 | 1 | |a Zingales, Luigi | |